000 00303nam a22001337a 4500
008 170928b xxu||||| |||| 00| 0 eng d
020 _a2900761986088
041 _aeng
080 _a37
100 _a47
101 _aEDU
245 _aCRITICAL THINKING FOR SOCIAL WORKERS
_cGIBBS,L
942 _2udc
_cBK
999 _c30394
_d30394